Nombre de los aeropuertos de Colombia - Estadísticas

Estadísticas generales
  • Esta prueba ha sido intentada 138 veces
  • La puntuación promedio es 7 de 16
Estadísticas de respuestas
Ciudad Aeropuerto % Correcto
Bogotá El Dorado / Luis Carlos Galán Sarmiento
100%
Rionegro Jose María Córdova
69%
Medellín Enrique Olaya Herrera
59%
Pereira Matecaña
56%
Santa Marta Simón Bolívar
55%
Cartagena Rafael Núñez
51%
Cali Alfonso Bonilla Aragón
50%
Cúcuta Camilo Daza
46%
San Andrés isla Gustavo Rojas Pinilla
44%
Bucaramanga Palonegro
41%
Manizales La Nubia
39%
Barranquilla Ernesto Cortissoz
36%
Pasto Antonio Nariño
33%
Armenia El Edén
29%
Valledupar Alfonso López Pumarejo
23%
Villavicencio Vanguardia
18%
No se encontraron pruebas coincidentes
Distribución de puntuación
Porcentaje de gente con cada puntuación
Porcentaje por número respondido
Historial de tus puntuaciones
No has intentado esta prueba.